LEADER 01175nam0-2200361---450- 001 990009477600403321 005 20111111111032.0 010 $a88-435-6854-X 035 $a000947760 035 $aFED01000947760 035 $a(Aleph)000947760FED01 035 $a000947760 100 $a20111108d1999----km-y0itay50------ba 101 0 $aita 102 $aIT 105 $a--------001yy 200 1 $aDa Leonardo a Canaletto$edisegni delle Gallerie dell'Accademia$fa cura di Giovanna Nepi Scirč e Annalisa Perissa Torrini 210 $aMilano$cElecta$d1999 215 $a279 p.$cill.$d28 cm 300 $aCatalogo della Mostra tenuta a Venezia nel 1999 300 $aIn testa al frontespizio: Soprintendenza per i beni artistici e storici di Venezia 610 0 $aVenezia 610 0 $aDisegni italiani$aSec. 15.-18.$aEsposizioni$a1999 676 $a741.9 702 1$aScirč Nepi,$bGiovanna 702 1$aTorrini Perissa,$bAnnalisa 801 0$aIT$bUNINA$gRICA$2UNIMARC 901 $aBK 912 $a990009477600403321 952 $a741.9 MOSTRE VENEZIA 1999$bBibl.59221$fFLFBC 959 $aFLFBC 996 $aDa Leonardo a Canaletto$9852758 997 $aUNINA LEADER 00544cac0 22001811 450 001 LAEC00017622 005 20110502102444.0 100 $a20110502f0000 |||||ita|0103 ba 102 $aIT 110 $ab 200 1 $aAlto Medioevo 801 0$aIT$bUNISOB$c20110502$gRICA 912 $aLAEC00017622 940 $aC 121 Collana SBN 941 $aC 996 $aAlto medioevo$9194855 997 $aUNISOB 998 \\$1001SOB0000002701$12001 $a<>marmi di San Marco$eUno studio ed un catalogo della scultura ornamentale marciana fino all' XI secolo LEADER 02908nam 2200565 450 001 9910791501003321 005 20230217231327.0 010 $a1-383-04280-2 010 $a0-19-156935-6 035 $a(CKB)2550000001203634 035 $a(EBL)430699 035 $a(SSID)ssj0001569494 035 $a(PQKBManifestationID)16220239 035 $a(PQKBTitleCode)TC0001569494 035 $a(PQKBWorkID)14836513 035 $a(PQKB)10608625 035 $a(Au-PeEL)EBL430699 035 $a(CaPaEBR)ebr11306333 035 $a(OCoLC)608129145 035 $a(MiAaPQ)EBC430699 035 $a(EXLCZ)992550000001203634 100 $a20161201h20072007 uy 0 101 0 $aeng 135 $aur|n|---||||| 181 $ctxt 182 $cc 183 $acr 200 10$aSeven years that changed the world $eperestroika in perspective /$fArchie Brown 210 1$aOxford, [England] ;$aNew York :$cOxford University Press,$d2007. 210 4$d©2007 215 $a1 online resource (371 p.) 300 $aDescription based upon print version of record. 311 $a0-19-956245-8 311 $a0-19-928215-3 320 $aIncludes bibliographical references and index. 327 $aContents; Preface; Glossary and Abbreviations; A; B; C; F; G; H; I; K; M; N; O; P; R; S; U; V; Z; PART I; 1. Introduction; PART II; 2. Gorbachev: New Man in the Kremlin; 3. The First Phase of Soviet Reform, 1985-6; 4. Fundamental Political Change, 1987-9; 5. Reconstructing the Soviet Political System; PART III; 6. Institutional Amphibiousness or Civil Society? The Origins and Development of Perestroika; 7. The Dismantling of the System and the Disintegration of the State; 8. Transnational Influences in the Transition from Communism; 9. Ending the Cold War 327 $a10. Gorbachev and His Era in PerspectiveIndex; A; B; C; D; E; F; G; H; I; J; K; L; M; N; O; P; R; S; T; U; V; W; Y; Z 330 $aA rigorously argued and lively interpretation of the transformation of the Soviet system, written by a leading authority on Soviet politics. This thoroughly researched book draws on new archival sources and puts perestroika in fresh perspective. - ;A rigorously argued and lively interpretation of the transformation of the Soviet system, the disintegration of the Soviet state, the end of the Cold War, and the role of Mikhail Gorbachev. Written by a leading authority on Soviet politics, this thoroughly researched book draws on new archival sources and puts perestroika in fresh perspective. Peres 606 $aPerestroi?ka 607 $aSoviet Union$xPolitics and government$y1985-1991 615 0$aPerestroi?ka. 676 $a947.085/4 700 $aBrown$b Archie$f1938-$0322092 801 0$bMiAaPQ 801 1$bMiAaPQ 801 2$bMiAaPQ 906 $aBOOK 912 $a9910791501003321 996 $aSeven years that changed the world$91251368 997 $aUNINA LEADER 04689nam 22007331c 450 001 9910955045103321 005 20200115203623.0 010 $a9781472551993 010 $a1472551990 010 $a9781472501776 010 $a1472501772 024 7 $a10.5040/9781472551993 035 $a(CKB)2560000000146999 035 $a(EBL)1659731 035 $a(SSID)ssj0001220230 035 $a(PQKBManifestationID)11796924 035 $a(PQKBTitleCode)TC0001220230 035 $a(PQKBWorkID)11220508 035 $a(PQKB)10125092 035 $a(MiAaPQ)EBC1659731 035 $a(Au-PeEL)EBL1659731 035 $a(CaPaEBR)ebr10856298 035 $a(CaONFJC)MIL603648 035 $a(OCoLC)878148136 035 $a(OCoLC)875239305 035 $a(UtOrBLW)bpp09255040 035 $a(UtOrBLW)BP9781472551993BC 035 $a(EXLCZ)992560000000146999 100 $a20140929d2012 uy 0 101 0 $aeng 135 $aur|n|---||||| 181 $ctxt 182 $cc 183 $acr 200 10$aOn Aristotle Physics 4.1-5 $fPhiloponus ; translated by Keimpe Algra and Johannes van Ophuijsen 205 $a1st ed. 210 1$aLondon $cBristol Classical Press $d2012. 215 $a1 online resource (159 p.) 225 1 $aAncient commentators on Aristotle 300 $a"Paperback edition first published 2014"--T. p. verso. 311 08$a9781472558008 311 08$a1472558006 311 08$a9781780932118 311 08$a1780932111 320 $aIncludes bibliographical references and index 327 $aIntroduction -- Textual Emendations -- Translation -- Notes -- Bibliography -- English-Greek Glossary -- Greek-English Index -- Index of Passages Cited -- General Index 330 $a"Aristotle's account of place, in which he defined a thing's place as the inner surface of its nearest immobile container, was supported by the Latin Middle Ages, even 1600 years after his death, though it had not convinced many ancient Greek philosophers. The sixth century commentator Philoponus took a more commonsense view. For him, place was an immobile three-dimensional extension, whose essence did not preclude its being empty, even if for other reasons it had always to be filled with body. However, Philoponus reserved his own definition for an excursus, already translated in this series, The Corollary on Place. In the text translated here he wanted instead to explain Aristotle's view to elementary students. The recent conjecture that he wished to attract young fellow-Christians away from the official pagan professor of philosophy in Alexandria has the merit of explaining why he expounds Aristotle here, rather than attacking him. But he still puts the students through their paces, for example when discussing Aristotle's claim that place cannot be a body, or two bodies would coincide."--Bloomsbury Publishing 330 8 $aAristotle's account of place, in which he defined a thing's place as the inner surface of its nearest immobile container, was supported by the Latin Middle Ages, even 1600 years after his death, though it had not convinced many ancient Greek philosophers. The sixth century commentator Philoponus took a more common-sense view. For him, place was an immobile three-dimensional extension, whose essence did not preclude its being empty, even if for other reasons it had always to be filled with body. However, Philoponus reserved his own definition for an excursus, already translated in this series, The Corollary on Place. In the text translated here he wanted instead to explain Aristotle's view to elementary students. The recent conjecture that he wished to attract young fellow Christians away from the official pagan professor of philosophy in Alexandria has the merit of explaining why he expounds Aristotle here, rather than attacking him. But he still puts the students through their paces, for example when discussing Aristotle's claim that place cannot be a body, or two bodies would coincide. This volume contains an English translation of Philoponus' commentary, as well as a detailed introduction, extensive explanatory notes and a bibliography. 410 0$aAncient commentators on Aristotle. 606 $aPhysics$xPhilosophy 606 $2Western philosophy: Ancient, to c 500 615 0$aPhysics$xPhilosophy. 676 $a114 676 $a530 700 $aPhiloponus$b John$factive 6th century,$0160407 702 $aAlgra$b Keimpe$f1959- 702 $aOphuijsen$b J. M. van$f1953- 801 0$bUtOrBLW 801 1$bUtOrBLW 801 2$bUkLoBP 906 $aBOOK 912 $a9910955045103321 996 $aOn Aristotle Physics 4.1-5$94336141 997 $aUNINA